书目信息 |
| 题名: |
直皖战争
|
|
| 作者: | ;中国第二历史档案馆 编 | |
| 分册: | ||
| 出版信息: | 南京 江苏人民出版社 1980 |
|
| 页数: | 289页 | |
| 开本: | 21cm | |
| 丛书名: | 中华民国史档案资料丛刊 | |
| 单 册: | ||
| 中图分类: | K261.510.6 | |
| 科图分类: | ||
| 主题词: | 直皖战争--史料 | |
| 电子资源: | ||
| ISBN: | ||
| 000 | 00730nam2 2200253 45 | |
| 001 | 0180000399 | |
| 005 | 20060727105840.53 | |
| 010 | @dCNY1.17 | |
| 091 | @aCN@b11100.037 | |
| 100 | @a19950526d1980 em y0chiy0121 ea | |
| 101 | 0 | @achi |
| 102 | @aCN@b320000 | |
| 105 | @ay z 000yy | |
| 200 | 10 | @a直皖战争@Azhi wan zhan zheng@f中国第二历史档案馆编 |
| 210 | @a南京@c江苏人民出版社@d1980 | |
| 215 | @a289页@d21cm | |
| 225 | 2 | @a中华民国史档案资料丛刊 |
| 410 | 0 | @120010@a中华民国史档案资料丛刊 |
| 606 | @a直皖战争@x史料 | |
| 690 | @aK261.510.6@v3 | |
| 711 | 02 | @a中国第二历史档案馆@Azhong guo di er li shi dang an guan@4编 |
| 801 | 0 | @aCN@bTSSF@c20060727 |
| 801 | 2 | @aCN@bNLC@c20060720 |
| 905 | @a10447@dK261.510.6@e90 | |
| 直皖战争/中国第二历史档案馆编.-南京:江苏人民出版社,1980 |
| 289页;21cm.-(中华民国史档案资料丛刊) |
| ISBN :CNY1.17 |
| ● |
| 相关链接 |
|
|
|
|
正题名:直皖战争
索取号:K261.510.6/90
 
预约/预借
| 序号 | 登录号 | 条形码 | 馆藏地/架位号 | 状态 | 备注 |
| 1 | 0435228 | 204352280 | 密集书库/ [索取号:K261.510.6/90] | 在馆 | |
| 2 | 0435229 | 204352299 | 密集书库/ [索取号:K261.510.6/90] | 在馆 | |
| 3 | 0436618 | 204366186 | 密集书库/ [索取号:K261.510.6/90] | 在馆 |